000 01273cab a2200253 4500
001 ABS55630
008 090401t1996 xxu||||| |||| 00| 0 eng d
035 _a(Sirsi) u17654
041 _aeng
245 _aDavies v H & R Ecroyd Ltd
260 _c1996
350 _a0
490 _aEstates Gazette
_v[1996] EG 9630 97-101(5)
520 _aChD 30 April 1996. The parties entered into a partnership agreement to farm a dairy holding owned by H, with D providing day to day running and management. Agreed that the holding would not be a partnership asset. Milk quota was later allocated to the holding and registered in the names of the partners. When the partnership dissolved D claimed quota as an asset of the partnership and/or it had enhanced the value of the holding and fell to be apportioned between the partners. "Held" Milk quota to be treated in the same way as the holding (not an asset of the partnership),and so no basis for claim by D for entitlement to enhanced value of the holding.
650 _aDAIRY FARMING
650 _aDAVIES V H & R ECROYD LTD
650 _aDISSOLUTION
650 _aFARMING PARTNERSHIP
650 _aFAULKS V FAULKS
650 _aMILK QUOTA
690 _aRURAL PRACTICE-CASE LAW
942 _n0
948 _c04/03/1997
999 _c11706
_d11706